| 000 | 01957ngm a22003970a 4500 | ||
|---|---|---|---|
| 001 | PT39875 | ||
| 003 | AR-LpoUNG | ||
| 005 | 20210201235843.0 | ||
| 007 | vd cvaizq | ||
| 008 | 191001s2004||||ag |||||||||||||||||spa d | ||
| 037 | _c$1.12 | ||
| 040 |
_aAR-LpoUNG _bspa _cAR-LpoUNG _eaacr |
||
| 041 | _aspa | ||
| 044 | _aag | ||
| 082 | 0 | _a920.5 778ver | |
| 100 | 1 |
_aAlonso, Gustavo _edir. |
|
| 245 | 1 | 3 |
_aLa vereda de la sombra : _bun documental sobre Fabian Polosecki |
| 260 |
_aBuenos Aires : _bMiradas al sur, _c2004. |
||
| 300 | _aDVD (94 min.) : son., col. | ||
| 505 | 0 | _aGuión y Dirección: Gustavo Alonso. - Producción Ejecutiva: David Blaustein, Zafra Difusión S.A. - Dirección de Fotografía y Cámara: Emiliano Fabris. - Música Original: Fernando Samalea. - Sonido: Carlos Olmedo. - Investigación: Laura Itchart y Gustavo Alonso. - Jefe de Producción: Virginia Croatto. - Asistente de Dirección: María Marino. - Asistente de Producción: Jorgelina Cano. | |
| 520 | _aFabián Polosecki, o simplemente "Polo", fue un periodista sensible que, en su fugaz paso por la televisión, logró revolucionar la forma de narrar historias en ese medio en la década de 1990. Con sus programas "El otro lado" y "El visitante", hoy considerados de culto, reflejó como nadie lo había hecho los diferentes matices que se esconden detrás de las vidas de hombres y mujeres casi siempre ignorados y muchas otras despreciados. Con sus entrevistas profundas y sus relatos en off le puso rostro e historia a personajes marginales, como prostitutas, criminales, drogadictos o desocupados. | ||
| 650 | 4 | _aARGENTINA | |
| 650 | 4 | _aBIOGRAFIAS | |
| 650 | 4 | _aHISTORIA SOCIAL | |
| 650 | 4 | _aMEDIOS DE COMUNICACION | |
| 650 | 4 | _aPERIODISMO | |
| 650 | 4 | _aPROGRAMAS | |
| 650 | 4 | _aSOCIEDAD | |
| 651 | 4 | _aArgentina | |
| 653 | _aCINE ARGENTINO | ||
| 653 | _aDOCUMENTAL | ||
| 653 | _aDVD | ||
| 653 | _aVIDEOS | ||
| 905 | _a39875 | ||
| 942 | _cDVD | ||
| 999 |
_c53609 _d53609 |
||